000 00363nam a2200145Ia 4500
008 150201s2006 xx 000 0 und d
082 _a612.015
_bP2006G
100 _aGUPTA,R.C.
245 _aPRACTICAL BIOCHENISTRY
250 _a4TH
260 _bC.B.S PUBLISHERS & DISTRIBUTERS
_aDELHI
_c2006
300 _a1-216
650 _aBIOCHEMISTRY
942 _2ddc
_cBK
_03
999 _c3631
_d3631